Statistics for Освајачи светског првенства у кошарци

Click here to take the quiz!

General Stats

  • This quiz has been taken 233 times
  • The average score is 11 of 18

Answer Stats

ГодинаДомаћинПобедник% Correct
2014ШпанијаСАД
81%
2019КинаШпанија
78%
2010ТурскаСАД
78%
2002САДЈугославија
76%
1954БразилСАД
73%
1994КанадаСАД
72%
1950АргентинаАргентина
66%
1986ШпанијаСАД
65%
2006ЈапанШпанија
65%
1998ГрчкаЈугославија
63%
1970ЈугославијаЈугославија
62%
1990АргентинаЈугославија
61%
1978ФилипиниЈугославија
54%
1982КолумбијаСовјетски Савез
50%
1974ПорторикоСовјетски Савез
49%
1967УругвајСовјетски Савез
48%
1963БразилБразил
43%
1959ЧилеБразил
43%

Score Distribution

Percentile by Number Answered

Percent of People with Each Score

Your Score History

You have not taken this quiz